Tilastot visalle Valtiot, joissa on villejä tiikereitä

Klikkaa tästä pelataksesi tätä visaa!

Yleistilastot

  • Tätä visaa on pelattu 1 717 kertaa
  • Keskiarvotulos 9 / 13

Vastaustilastot

PopulaatioValtio% Oikein
34Kiina
96%
2 967Intia
94%
189Thaimaa
77%
198Nepal
75%
433Venäjä
75%
< 5Vietnam
74%
121Bangladesh
70%
2Laos
70%
?Myanmar
68%
371Indonesia
66%
103Bhutan
58%
250Malesia
56%
MahdollinenPohjois-Korea
41%

Tulosjakauma

Persentiili vastausten määrän mukaan

Jokaisen tuloksen saaneiden osuus

Tuloshistoriasi

Et ole pelannut tätä visaa